[Event "85th ch-St Petersburg SF"]
[Site "St Petersburg RUS"]
[Date "2012.02.04"]
[Round "8.11"]
[White "Vlasov,Eg"]
[Black "Belenkaya,D"]
[Result "0-1"]
[BlackTitle "WFM"]
[WhiteElo "2287"]
[BlackElo "2208"]
[WhiteFideId "4146360"]
[BlackFideId "24142654"]
[EventDate "2012.01.28"]

1. e4 c6 2. d4 d5 3. Nd2 dxe4 4. Nxe4 Bf5 5. Ng3 Bg6 6. h4 h6 7. Nf3 Nd7 8. h5
Bh7 9. Bd3 Bxd3 10. Qxd3 e6 11. Bd2 Ngf6 12. O-O-O Be7 13. Ne4 Nxe4 14. Qxe4 Nf6
15. Qe2 Qd5 16. c4 Qe4 17. Qxe4 Nxe4 18. Be3 Nd6 19. b3 Rc8 20. Kc2 b5 21. Ne5
O-O 22. g4 Rfd8 23. Rhg1 Bf6 24. c5 Ne4 25. f3 Nxc5 26. g5 hxg5 27. Ng4 Nd7 28.
Nxf6+ gxf6 29. f4 Kh7 30. fxg5 fxg5 31. Bxg5 Rg8 32. Rdf1 f6 33. Bh4 f5 34. Bg5
Rg7 35. Bd2 Nf6 36. Rxg7+ Kxg7 37. h6+ Kh7 38. Kd3 Rg8 39. Rc1 Rc8 40. Rg1 Rc7
41. Re1 Ne4 42. Bf4 Rd7 43. b4 Rd8 44. Rc1 Rc8 45. Rg1 Nf2+ 46. Kd2 Ng4 47. Re1
Re8 48. Kd3 Nf2+ 49. Ke3 Nh3 50. Be5 Ng5 51. Rc1 Rc8 52. Rg1 Rg8 53. Rc1 Kxh6
54. Bf4 Rg6 55. Rxc6 Kh5 56. Bb8 Nh3 57. Kf3 Rg8 58. Be5 f4 59. Ke4 Kg4 60. d5
Ng5+ 61. Kd4 Nf3+ 62. Ke4 exd5+ 63. Kxd5 Rg5 0-1

[Event "85th ch-St Petersburg SF"]
[Site "St Petersburg RUS"]
[Date "2012.02.04"]
[Round "8.12"]
[White "Skvortsov,Alexander"]
[Black "Korennoi,V"]
[Result "0-1"]
[WhiteElo "2169"]
[BlackElo "2251"]
[WhiteFideId "24170038"]
[BlackFideId "24110140"]
[EventDate "2012.01.28"]

1. e4 c5 2. Nf3 Nc6 3. Bb5 e6 4. Bxc6 bxc6 5. O-O Ne7 6. Nc3 d5 7. d3 Ng6 8. Qe2
Be7 9. Ne1 e5 10. b3 O-O 11. Na4 f5 12. c4 Kh8 13. Kh1 fxe4 14. dxe4 dxe4 15.
Be3 Bf5 16. g3 Qa5 17. Ng2 Rad8 18. h4 Bh3 19. Rfd1 Rde8 20. Qd2 Qc7 21. Nxc5
Qc8 22. Rg1 Bg4 23. Kh2 Rd8 24. Qc2 Bf3 25. Ne1 Qg4 26. Nxf3 exf3 27. Qe4 Rf4
28. Bxf4 Nxf4 29. Qxf4 exf4 30. Rgd1 Rd4 0-1

[Event "85th ch-St Petersburg SF"]
[Site "St Petersburg RUS"]
[Date "2012.02.04"]
[Round "8.13"]
[White "Balaian,Ali"]
[Black "Gorbatenko,A"]
[Result "1/2-1/2"]
[WhiteElo "2232"]
[BlackElo "2082"]
[WhiteFideId "24115347"]
[BlackFideId "4145976"]
[EventDate "2012.01.28"]

1. e4 c5 2. Nf3 Nc6 3. d4 cxd4 4. Nxd4 g6 5. c4 Bg7 6. Be3 Nf6 7. Nc3 Ng4 8.
Qxg4 Nxd4 9. Qd1 e5 10. Bd3 O-O 11. O-O d6 12. Qd2 Be6 13. Rad1 a6 14. Ne2 Rc8
15. b3 Rc5 16. Qc3 Qf6 17. f4 Nxe2+ 18. Bxe2 Rc6 19. fxe5 Qh4 20. Bd4 dxe5 21.
Bxe5 Bh6 22. Bf3 Qe7 23. Bf6 Qc5+ 24. Bd4 Qa3 25. e5 Rc7 26. Bb6 Rxc4 27. Qd3
Rcc8 28. Qd4 Qxa2 29. Bc5 Rfe8 30. Bxb7 Rb8 31. Bc6 Rec8 32. Qe4 Qxb3 33. Bf2
Qc4 34. Rd4 Qb3 35. Rfd1 Bf8 36. Ba4 Qb2 37. Bd7 Bxd7 38. Rxd7 Rc1 39. e6 Rxd1+
40. Rxd1 Qb3 41. exf7+ Qxf7 42. Rf1 Rb5 43. Qc6 Rf5 44. Qxa6 1/2-1/2

[Event "85th ch-St Petersburg SF"]
[Site "St Petersburg RUS"]
[Date "2012.02.04"]
[Round "8.14"]
[White "Saveliev,Alexei"]
[Black "Panov,Ivan"]
[Result "0-1"]
[WhiteElo "2074"]
[BlackElo "2006"]
[WhiteFideId "24128546"]
[BlackFideId "24177750"]
[EventDate "2012.01.28"]

1. e4 c5 2. Nf3 e6 3. d4 cxd4 4. Nxd4 Nf6 5. Nc3 d6 6. g4 h6 7. h4 Nc6 8. g5
hxg5 9. Bxg5 Be7 10. Qd2 Qb6 11. Nb3 Bd7 12. O-O-O a6 13. f4 O-O-O 14. Be2 Kb8
15. Kb1 Nxe4 16. Nxe4 f6 17. Bf3 d5 18. Nf2 fxg5 19. hxg5 Rhf8 20. Rh7 e5 21.
Bg4 Bxg5 22. Bxd7 Rxd7 23. fxg5 Rxf2 24. Qd3 Ka7 25. Qg6 Rdf7 26. Rhh1 Ne7 27.
Qh5 d4 28. Rhe1 Qc6 29. Rc1 Qg6 30. Qh4 Nc6 31. Nc5 Nb4 32. Ne4 R2f4 33. Qh1 Nd5
34. Nc5 Ne3 35. Qh3 Rf2 36. Rxe3 dxe3 37. Qxe3 R7f3 38. Qe1 Rf1 39. Qxe5 Rxc1+
40. Kxc1 Rf1+ 41. Kd2 Rf5 0-1

[Event "85th ch-St Petersburg SF"]
[Site "St Petersburg RUS"]
[Date "2012.02.04"]
[Round "8.15"]
[White "Gorjunov,S2"]
[Black "Sheynin,I"]
[Result "1/2-1/2"]
[WhiteElo "2088"]
[BlackElo "2093"]
[WhiteFideId "4166590"]
[BlackFideId "4186230"]
[EventDate "2012.01.28"]

1. c4 e5 2. Nc3 Nc6 3. Nf3 f5 4. d4 e4 5. Ng5 h6 6. Nh3 g5 7. Ng1 Nf6 8. e3 Bg7
9. h4 g4 10. Nge2 d6 11. Nf4 Ne7 12. d5 h5 13. Nb5 Bh6 14. Bd2 Bxf4 15. exf4 Ng6
16. g3 Bd7 17. Bc3 O-O 18. Be2 a6 19. Nd4 Qe7 20. Nc2 Kh7 21. Ne3 b6 22. Qd4 a5
23. Kf1 Bc8 24. Kg2 Nd7 25. b3 Nde5 26. a3 Nf3 27. Bxf3 exf3+ 28. Kh2 Bd7 29.
Rhe1 Qf7 30. b4 Rfe8 31. Qf6 Qxf6 32. Bxf6 axb4 33. axb4 Kg8 34. b5 Kf7 35. Bg5
Nf8 36. Kg1 Nh7 37. Rxa8 Rxa8 38. Nxg4 fxg4 39. Re7+ Kg6 40. Rxd7 Nxg5 41. fxg5
Ra1+ 42. Kh2 Rf1 43. c5 Rxf2+ 44. Kg1 Rg2+ 45. Kf1 Ra2 1/2-1/2

[Event "85th ch-St Petersburg SF"]
[Site "St Petersburg RUS"]
[Date "2012.02.04"]
[Round "8.16"]
[White "Dubovsky,A"]
[Black "Ivanov,Mir"]
[Result "1-0"]
[WhiteElo "1976"]
[BlackElo "2070"]
[WhiteFideId "4168747"]
[BlackFideId "4140273"]
[EventDate "2012.01.28"]

1. e4 c5 2. c3 d5 3. exd5 Qxd5 4. d4 e6 5. Nf3 Nc6 6. Na3 cxd4 7. Nb5 Bd6 8. Bc4
Qe4+ 9. Be3 Bb8 10. cxd4 Nf6 11. O-O O-O 12. Bg5 Qg6 13. Bd3 Ne4 14. Be3 f5 15.
Nc3 Nf6 16. h3 Qh5 17. Qc1 h6 18. Be2 Qe8 19. Bf4 g5 20. Bxb8 Rxb8 21. Rd1 Bd7
22. Ne5 Nb4 23. h4 f4 24. Bc4 Rc8 25. Qb1 Nbd5 26. Re1 Kg7 27. h5 Rc7 28. Bxd5
exd5 29. Ng6 Qf7 30. Re7 1-0

[Event "85th ch-St Petersburg SF"]
[Site "St Petersburg RUS"]
[Date "2012.02.05"]
[Round "9.1"]
[White "Sichinava,Z"]
[Black "Rozum,I"]
[Result "1/2-1/2"]
[BlackTitle "IM"]
[WhiteElo "2315"]
[BlackElo "2475"]
[WhiteFideId "24111716"]
[BlackFideId "24104272"]
[EventDate "2012.01.28"]

1. d4 d5 2. c4 dxc4 3. Nf3 a6 4. e3 b5 5. a4 Bb7 6. axb5 axb5 7. Rxa8 Bxa8 8. b3
e6 9. bxc4 bxc4 10. Bxc4 Nf6 11. Ne5 Bb4+ 12. Bd2 Bxd2+ 13. Nxd2 O-O 14. O-O c5
15. Ndf3 Bxf3 16. Nxf3 Qc7 17. dxc5 Qxc5 18. Qd4 Nbd7 19. Qxc5 Nxc5 20. Ne5 Nfd7
21. Nxd7 Nxd7 22. Rd1 Nf6 23. Bd3 g6 24. Be2 Rb8 25. Bf3 Rb2 26. g3 Kg7 27. Kg2
g5 28. h3 h5 29. Bc6 Kg6 30. Rd4 Rc2 31. Be4+ Nxe4 32. Rxe4 Rb2 33. Ra4 Rc2 34.
Re4 Rd2 35. Ra4 Rd1 36. Rb4 Rc1 37. Ra4 f5 38. Ra6 Kf6 39. Rb6 Rc2 40. Ra6 Rb2
41. Rc6 1/2-1/2

[Event "85th ch-St Petersburg SF"]
[Site "St Petersburg RUS"]
[Date "2012.02.05"]
[Round "9.2"]
[White "Levin,Ev"]
[Black "Usmanov,V"]
[Result "1/2-1/2"]
[WhiteTitle "GM"]
[WhiteElo "2498"]
[BlackElo "2315"]
[WhiteFideId "4182596"]
[BlackFideId "4135741"]
[EventDate "2012.01.28"]

1. d4 d5 2. c4 e6 3. Nc3 Be7 4. Nf3 Nf6 5. Bg5 h6 6. Bh4 O-O 7. e3 b6 8. Bd3 Bb7
9. O-O Nbd7 10. Qe2 c5 11. cxd5 Nxd5 12. Bxe7 Qxe7 13. Ba6 Bxa6 14. Qxa6 N7f6
15. Nxd5 Nxd5 16. Qa3 cxd4 17. Qxe7 Nxe7 18. Nxd4 Rac8 19. Rac1 Rxc1 20. Rxc1
Rc8 21. Rxc8+ Nxc8 22. Kf1 Kf8 23. Ke2 Ke7 24. Kd3 Kd6 25. b4 a6 26. a3 Ne7 27.
Kc3 Nc6 28. Nxc6 Kxc6 29. Kc4 b5+ 30. Kd4 Kd6 31. e4 e5+ 32. Kd3 Ke6 33. Ke3 g5
34. g4 f6 35. h3 Kd6 36. f3 Ke6 37. Kf2 Kf7 38. Kg3 Kg6 39. Kg2 Kf7 40. Kg1 Kg6
41. Kg2 1/2-1/2

[Event "85th ch-St Petersburg SF"]
[Site "St Petersburg RUS"]
[Date "2012.02.05"]
[Round "9.3"]
[White "Barhudarian,R"]
[Black "Malakhov,I"]
[Result "0-1"]
[WhiteTitle "FM"]
[BlackTitle "FM"]
[WhiteElo "2333"]
[BlackElo "2422"]
[WhiteFideId "4182685"]
[BlackFideId "4183088"]
[EventDate "2012.01.28"]

1. d4 d5 2. Nc3 Nf6 3. Bg5 e6 4. e4 dxe4 5. Nxe4 Be7 6. Nxf6+ Bxf6 7. Bxf6 Qxf6
8. Nf3 c5 9. c3 cxd4 10. Qxd4 Qxd4 11. Nxd4 a6 12. Be2 Bd7 13. Bf3 e5 14. Nb3
Bc6 15. Bxc6+ Nxc6 16. O-O-O Rc8 17. Rhe1 f6 18. Nc5 Rc7 19. Rd6 Ke7 20. Red1
Nd4 21. Rd5 Ne2+ 22. Kb1 Rhc8 23. Na4 Nf4 24. R5d2 b5 25. Nb6 Rb8 26. Nd5+ Nxd5
27. Rxd5 b4 28. cxb4 Rxb4 29. a3 Rbc4 30. R1d2 h5 31. b4 g5 32. h3 R7c6 33. Kb2
Ke6 34. Kb3 Rc1 35. Ka4 R1c3 36. Ra5 h4 37. f3 Kf5 38. Rad5 Kf4 39. Re2 Rc2 40.
Rxc2 Rxc2 41. Rd6 f5 42. Rxa6 Rxg2 43. Re6 Rg3 44. b5 Rxh3 45. b6 Rh1 46. Rc6
Rb1 47. Rc4+ Kxf3 48. Rb4 Rd1 49. b7 Rd8 50. Rb3+ Kf4 51. b8=Q Rxb8 52. Rxb8 g4
53. Rh8 h3 54. Kb3 Kg3 55. a4 f4 56. a5 f3 57. a6 f2 58. a7 f1=Q 59. a8=Q Qf3+
60. Qxf3+ Kxf3 61. Kc3 Kg2 0-1

[Event "85th ch-St Petersburg SF"]
[Site "St Petersburg RUS"]
[Date "2012.02.05"]
[Round "9.4"]
[White "Martynov,P2"]
[Black "Shpartko,G"]
[Result "1-0"]
[WhiteElo "2237"]
[BlackElo "2129"]
[WhiteFideId "4122186"]
[BlackFideId "24122254"]
[EventDate "2012.01.28"]

1. e4 g6 2. d4 d6 3. Bc4 e6 4. Nf3 Bg7 5. Nc3 Ne7 6. Bg5 h6 7. Be3 a6 8. Qd2 b5
9. Bd3 Nd7 10. Rd1 Bb7 11. a4 bxa4 12. Nxa4 f5 13. exf5 Nxf5 14. Bxf5 gxf5 15.
Nc3 Nf6 16. Qe2 O-O 17. O-O Qe8 18. Rfe1 Qh5 19. h3 Rae8 20. Bc1 Rf7 21. d5 exd5
22. Qd3 Rfe7 23. Rxe7 Rxe7 24. Nd4 Ne4 25. Nf3 Nc5 26. Qd2 Ne4 27. Qd3 Nc5 28.
Qd2 d4 29. Nxd4 Bxd4 30. Qxd4 Rg7 31. Nd5 Bxd5 32. Qxd5+ Kh7 33. b4 c6 34. Qd4
Ne4 35. Bb2 Rg8 36. Qa7+ Kg6 37. f3 Re8 38. Qg7# 1-0

[Event "85th ch-St Petersburg SF"]
[Site "St Petersburg RUS"]
[Date "2012.02.05"]
[Round "9.5"]
[White "Duzhakov,I"]
[Black "Donskov,Ana"]
[Result "1/2-1/2"]
[WhiteTitle "FM"]
[BlackTitle "FM"]
[WhiteElo "2303"]
[BlackElo "2306"]
[WhiteFideId "4192516"]
[BlackFideId "24143413"]
[EventDate "2012.01.28"]

1. d4 Nf6 2. c4 e6 3. Nf3 b6 4. g3 Ba6 5. b3 Bb4+ 6. Bd2 Be7 7. Bg2 Bb7 8. O-O
d5 9. Ne5 O-O 10. Bc3 c5 11. Nd2 cxd4 12. Bxd4 Nc6 13. Nxc6 Bxc6 14. Rc1 Rc8 15.
cxd5 Bxd5 16. Rxc8 Qxc8 17. Qa1 Bxg2 18. Kxg2 Qc2 19. Qb2 Rc8 20. Nc4 Qxb2 21.
Bxb2 b5 22. Ne3 Nd5 23. Nxd5 exd5 24. Rc1 Rxc1 25. Bxc1 f5 26. Kf3 Kf7 27. Be3
a6 28. Bd4 g6 29. Ke3 Ke6 30. Kd3 Bb4 31. Bc3 Bc5 32. Bd4 Bb4 33. Bc3 Bc5 34.
Bd4 Bb4 1/2-1/2

[Event "85th ch-St Petersburg SF"]
[Site "St Petersburg RUS"]
[Date "2012.02.05"]
[Round "9.6"]
[White "Bazeev,G"]
[Black "Alekseenko,K"]
[Result "1/2-1/2"]
[BlackTitle "FM"]
[WhiteElo "2315"]
[BlackElo "2376"]
[WhiteFideId "24119350"]
[BlackFideId "4135539"]
[EventDate "2012.01.28"]

1. e4 c5 2. Nf3 Nc6 3. d4 cxd4 4. Nxd4 Nf6 5. Nc3 d6 6. Bg5 e6 7. Qd2 a6 8.
O-O-O Bd7 9. f4 b5 10. Bxf6 gxf6 11. Kb1 Qb6 12. Nce2 Qc5 13. g3 Be7 14. Bg2 Rc8
15. Rhf1 b4 16. Nxc6 Bxc6 17. Nd4 Ba8 18. Rfe1 O-O 19. Bf1 a5 20. Bb5 Kh8 21.
Ba4 Rg8 22. Qe2 d5 23. Nb3 Qc4 24. exd5 Qxe2 25. Rxe2 Rgd8 26. Nxa5 Bxd5 27.
Red2 Bf3 28. Rxd8+ Bxd8 29. Rd3 Be4 30. Rd4 Bxc2+ 31. Bxc2 Bxa5 32. Rd7 Rc7 33.
Rxc7 Bxc7 34. Kc1 Bb6 35. Kd2 f5 36. a4 bxa3 37. bxa3 Kg7 38. Ke2 Kf6 39. Kf3
Bc5 40. a4 Bb4 1/2-1/2

[Event "85th ch-St Petersburg SF"]
[Site "St Petersburg RUS"]
[Date "2012.02.05"]
[Round "9.7"]
[White "Solovyov,V"]
[Black "Pershin,Denis"]
[Result "0-1"]
[WhiteElo "2293"]
[BlackElo "2096"]
[WhiteFideId "4102754"]
[BlackFideId "24165506"]
[EventDate "2012.01.28"]

1. Nf3 Nf6 2. c4 g6 3. d4 Bg7 4. Nc3 O-O 5. e4 d6 6. Be2 e5 7. O-O Na6 8. d5 Nc5
9. Qc2 a5 10. Bg5 h6 11. Be3 Nh5 12. g3 f5 13. exf5 Bxf5 14. Qd1 b6 15. Nh4 Nf6
16. Nxf5 gxf5 17. f3 f4 18. Bxc5 bxc5 19. g4 e4 20. fxe4 Nd7 21. Bf3 Bd4+ 22.
Kh1 Ne5 23. Qe2 Rf7 24. Rac1 Kh8 25. Nd1 Rg7 26. Nf2 Be3 27. Rcd1 Qh4 28. Nd3
Nxf3 29. Qxf3 Rxg4 30. e5 Rag8 31. Nf2 Rg3 32. Qe4 Qg5 33. hxg3 Qh5+ 34. Kg1
Rxg3+ 35. Qg2 Qh3 0-1

[Event "85th ch-St Petersburg SF"]
[Site "St Petersburg RUS"]
[Date "2012.02.05"]
[Round "9.8"]
[White "Monin,N"]
[Black "Vunder,A"]
[Result "1/2-1/2"]
[WhiteTitle "IM"]
[WhiteElo "2360"]
[BlackElo "2271"]
[WhiteFideId "4104013"]
[BlackFideId "4128338"]
[EventDate "2012.01.28"]

1. d4 d5 2. Nf3 c5 3. e3 cxd4 4. exd4 Nf6 5. Bd3 Nc6 6. c3 Qc7 7. h3 g6 8. Qc2
Bg7 9. O-O O-O 10. Re1 Nh5 11. Be3 Bd7 12. Nbd2 Nf4 13. Bxf4 Qxf4 14. Re3 e6 15.
Rae1 Rfc8 16. Qd1 Qc7 17. Ne5 Nxe5 18. dxe5 Qb6 19. Qb3 Bh6 20. R3e2 Bxd2 21.
Rxd2 Qxb3 22. axb3 a5 23. Ra1 a4 24. bxa4 Bxa4 25. Re2 Bb3 26. Ree1 Kf8 27. f4
Ke7 28. Kf2 Bc4 29. Bc2 Rxa1 30. Rxa1 d4 31. cxd4 Bd5 32. Bd3 Rc6 33. Rd1 Rb6
34. Rd2 h5 35. h4 Rb4 36. Be2 Rb3 37. Bd1 Rb5 38. Ke3 Rb4 39. Kd3 Rb6 40. g3 Rc6
41. b3 Rc1 42. Ke3 Rb1 43. Rd3 Rb2 44. Bf3 Bxb3 45. Rd2 Rxd2 46. Kxd2 b6 47. Bc6
Bd5 48. Bb5 Kd8 49. Kc3 Be4 50. Kb4 Kc7 51. Be8 Kd8 52. Ba4 Kc7 53. Bd1 Bc6 54.
Be2 Kd8 55. Bd1 Kc7 1/2-1/2

[Event "85th ch-St Petersburg SF"]
[Site "St Petersburg RUS"]
[Date "2012.02.05"]
[Round "9.9"]
[White "Golovankov,V"]
[Black "Korennoi,V"]
[Result "1-0"]
[WhiteElo "2288"]
[BlackElo "2251"]
[WhiteFideId "4129423"]
[BlackFideId "24110140"]
[EventDate "2012.01.28"]

1. d4 Nf6 2. Nf3 e6 3. e3 c5 4. Bd3 b6 5. O-O Bb7 6. c4 Be7 7. Nc3 cxd4 8. exd4
O-O 9. d5 Kh8 10. Bc2 Qc8 11. Qd3 Na6 12. a3 Nc5 13. Qd4 Ne8 14. Bg5 Bxg5 15.
Nxg5 f5 16. Rfe1 Rf6 17. b4 Na6 18. Bb3 Nec7 19. Rad1 Qe8 20. f4 Qh5 21. Rd3 h6
22. Bd1 Qg6 23. Rh3 Rff8 24. Bh5 Qf6 25. Qxf6 Rxf6 26. Nf7+ Kg8 27. Nd6 Bc8 28.
Rd3 exd5 29. Nxd5 Nxd5 30. Rxd5 Nc7 31. Rdd1 Ne6 32. Bf3 Rb8 33. g3 Rf7 34. h4
g6 35. h5 g5 36. Re5 Rh7 37. Rxf5 gxf4 38. gxf4 Re7 39. Kf2 Ng7 40. Rf6 Kh7 41.
Rf8 1-0

[Event "85th ch-St Petersburg SF"]
[Site "St Petersburg RUS"]
[Date "2012.02.05"]
[Round "9.10"]
[White "Ganichev,Alex"]
[Black "Vorobjev,D"]
[Result "0-1"]
[WhiteElo "2275"]
[BlackElo "2223"]
[WhiteFideId "24143944"]
[BlackFideId "24112178"]
[EventDate "2012.01.28"]

1. e4 c5 2. Nf3 d6 3. d4 Nf6 4. dxc5 Nxe4 5. cxd6 Nc6 6. Bd3 Nxd6 7. Bd2 Bf5 8.
Qe2 Bxd3 9. Qxd3 e5 10. Qd5 Be7 11. Bc3 Nf5 12. Qe4 Nd6 13. Qd5 Nf5 14. Qe4 Nd6
15. Qg4 O-O 16. O-O f5 17. Qa4 Bf6 18. Nbd2 Kh8 19. Ne1 a5 20. Qb3 b5 21. a3 e4
22. Bxf6 Qxf6 23. c3 Ne5 24. a4 Ndc4 25. Nxc4 bxc4 26. Qc2 Rfd8 27. b3 cxb3 28.
Qxb3 Rab8 29. Qc2 Nc4 30. Rd1 Rxd1 31. Qxd1 Rd8 32. Qe2 Nd2 33. Qe3 Qa6 0-1

[Event "85th ch-St Petersburg SF"]
[Site "St Petersburg RUS"]
[Date "2012.02.05"]
[Round "9.11"]
[White "Belenkaya,D"]
[Black "Kitsis,A"]
[Result "1/2-1/2"]
[WhiteTitle "WFM"]
[WhiteElo "2208"]
[BlackElo "2195"]
[WhiteFideId "24142654"]
[BlackFideId "4184025"]
[EventDate "2012.01.28"]

1. e4 e6 2. d4 d5 3. Nd2 Nf6 4. e5 Nfd7 5. Bd3 c5 6. c3 Nc6 7. Ne2 cxd4 8. cxd4
Qb6 9. Nf3 f6 10. exf6 Nxf6 11. O-O Bd6 12. Bf4 Qc7 13. Qd2 O-O 14. Rae1 Bxf4
15. Qxf4 Qxf4 16. Nxf4 Ne4 17. g3 h6 18. h4 g5 19. hxg5 hxg5 20. Bxe4 gxf4 21.
Bb1 fxg3 22. fxg3 Bd7 23. Rf2 Rf6 24. Ne5 Rxf2 25. Kxf2 Nxe5 26. Rxe5 Rf8+ 27.
Kg2 Rc8 28. Bd3 Rc1 29. Kf2 Rd1 30. Ke3 Re1+ 31. Kf4 Rd1 32. Ke3 Re1+ 33. Be2
Rb1 34. Kf4 Rxb2 35. Kg5 Kg7 36. Bg4 Rg2 37. Bxe6 Bxe6 38. Rxe6 Rxg3+ 39. Kf4
Rh3 40. Re7+ Kf6 41. Rxb7 Rd3 42. Rxa7 Rxd4+ 1/2-1/2

[Event "85th ch-St Petersburg SF"]
[Site "St Petersburg RUS"]
[Date "2012.02.05"]
[Round "9.12"]
[White "Panov,Ivan"]
[Black "Balaian,Ali"]
[Result "1-0"]
[WhiteElo "2006"]
[BlackElo "2232"]
[WhiteFideId "24177750"]
[BlackFideId "24115347"]
[EventDate "2012.01.28"]

1. e4 e6 2. Nf3 d5 3. Nc3 d4 4. Ne2 c5 5. d3 Nc6 6. g3 g6 7. Bg2 Bg7 8. O-O Nge7
9. h3 O-O 10. Nh2 f5 11. f4 fxe4 12. dxe4 b6 13. g4 Ba6 14. g5 d3 15. cxd3 Qxd3
16. Nc3 Bxc3 17. bxc3 Qxc3 18. Bd2 Qd4+ 19. Rf2 Rad8 20. Qe1 Qa4 21. f5 Nd4 22.
f6 Nec6 23. Ng4 h5 24. gxh6 Nc2 25. Qd1 Rd7 26. Rc1 N6d4 27. Ne5 Ne2+ 28. Rxe2
Bxe2 29. Qxe2 Qd4+ 30. Kh1 Qxd2 31. Rxc2 Qxe2 32. Rxe2 Rd1+ 33. Kh2 Rxf6 34. Ng4
Rf8 35. e5 Rfd8 36. Rf2 R1d2 37. Rf6 c4 38. Rxg6+ Kh8 39. Nf6 R2d7 40. Nxd7 Rxd7
41. Rxe6 Rd2 42. Kg3 Rd3+ 43. Kf4 Rd8 44. Be4 b5 45. Rf6 c3 46. e6 Re8 47. e7 1-0

[Event "85th ch-St Petersburg SF"]
[Site "St Petersburg RUS"]
[Date "2012.02.05"]
[Round "9.13"]
[White "Vlasov,Eg"]
[Black "Skvortsov,Alexander"]
[Result "1-0"]
[WhiteElo "2287"]
[BlackElo "2169"]
[WhiteFideId "4146360"]
[BlackFideId "24170038"]
[EventDate "2012.01.28"]

1. e4 c6 2. d4 d5 3. Nd2 dxe4 4. Nxe4 Nd7 5. Nf3 Ngf6 6. Bd3 Nxe4 7. Bxe4 Nf6 8.
Bd3 Bg4 9. c3 e6 10. h3 Bh5 11. g4 Bg6 12. Bg5 Be7 13. Qe2 Qd5 14. c4 Bb4+ 15.
Kf1 Qd8 16. Bxg6 hxg6 17. Rd1 Be7 18. Kg2 O-O 19. Rhe1 Bb4 20. Rh1 Qc7 21. c5
Qd8 22. h4 Qd5 23. Bxf6 gxf6 24. g5 fxg5 25. hxg5 Ba5 26. Rh6 Kg7 27. Rdh1 Rh8
28. Qe5+ Qxe5 29. Nxe5 Rxh6 30. gxh6+ Kf6 31. Rh3 Ke7 32. Rf3 f5 33. Nxg6+ Kf6
34. Rg3 f4 35. Rg4 Kf5 36. Kf3 Bc7 37. h7 e5 38. Nh4+ Ke6 39. Rg8 1-0

[Event "85th ch-St Petersburg SF"]
[Site "St Petersburg RUS"]
[Date "2012.02.05"]
[Round "9.14"]
[White "Gorbatenko,A"]
[Black "Gorjunov,S2"]
[Result "1-0"]
[WhiteElo "2082"]
[BlackElo "2088"]
[WhiteFideId "4145976"]
[BlackFideId "4166590"]
[EventDate "2012.01.28"]

1. e4 e6 2. d3 d5 3. Nd2 c5 4. Ngf3 Nc6 5. g3 Bd6 6. Bg2 Nf6 7. O-O O-O 8. Re1
Qc7 9. c3 b6 10. Qe2 Nd7 11. d4 cxd4 12. Nxd4 Nxd4 13. cxd4 Bb7 14. e5 Be7 15.
Nf1 Rac8 16. Ne3 Rce8 17. Bd2 f5 18. Rac1 Qb8 19. f4 Rc8 20. Qb5 Rcd8 21. Bb4 a6
22. Qa4 b5 23. Qa3 Bxb4 24. Qxb4 Kf7 25. Nxf5 1-0

[Event "85th ch-St Petersburg SF"]
[Site "St Petersburg RUS"]
[Date "2012.02.05"]
[Round "9.15"]
[White "Sheynin,I"]
[Black "Dubovsky,A"]
[Result "1-0"]
[WhiteElo "2093"]
[BlackElo "1976"]
[WhiteFideId "4186230"]
[BlackFideId "4168747"]
[EventDate "2012.01.28"]

1. e4 e6 2. d3 d5 3. Nd2 Nc6 4. Ngf3 Bc5 5. c3 e5 6. b4 dxe4 7. dxe4 Bd6 8. Bc4
Nf6 9. O-O O-O 10. a4 Qe7 11. Re1 h6 12. Nf1 Be6 13. Qb3 Nd8 14. Ng3 Re8 15. Nh4
g6 16. Bxe6 Nxe6 17. Nhf5 gxf5 18. Nxf5 Qd7 19. Bxh6 Nf8 20. Bxf8 Bxf8 21. c4
Nxe4 22. Qh3 Re6 23. Rxe4 Rd8 24. Qg3+ Rg6 25. Qxe5 Bxb4 26. g3 Bd6 27. Qd5 c6
28. Qd3 Qc8 29. Qf3 Bf8 30. Rae1 Qc7 31. Ne7+ Kg7 32. Nxg6 fxg6 33. Re6 Qf7 34.
Qe3 c5 35. Qe5+ Kg8 36. Qg5 Rd6 37. Rxd6 Bxd6 38. Qd8+ Bf8 39. Re8 Kg7 40. Kg2
b6 41. Re4 Qb7 42. Qd5 Qxd5 43. cxd5 a6 44. d6 Kf7 45. d7 Be7 46. h4 b5 47. axb5
axb5 48. Re5 b4 49. Rxc5 Ke6 50. Kf3 Kxd7 51. Rc1 Bf6 52. Ke4 b3 53. Rb1 b2 54.
g4 Ke6 55. f4 Bc3 56. Kd3 Bf6 57. Kc2 Bg7 58. Rxb2 Bxb2 59. Kxb2 Kd5 60. h5 gxh5
61. gxh5 Ke6 62. Kc3 Kf6 63. Kd4 Kg7 64. Ke5 Kh6 65. Ke6 1-0

[Event "85th ch-St Petersburg SF"]
[Site "St Petersburg RUS"]
[Date "2012.02.05"]
[Round "9.16"]
[White "Ivanov,Mir"]
[Black "Saveliev,Alexei"]
[Result "1-0"]
[WhiteElo "2070"]
[BlackElo "2074"]
[WhiteFideId "4140273"]
[BlackFideId "24128546"]
[EventDate "2012.01.28"]

1. e4 e6 2. Nf3 d5 3. exd5 exd5 4. d4 Nf6 5. Bd3 Bg4 6. O-O Be7 7. Be3 O-O 8.
Nbd2 Nbd7 9. c3 c6 10. Re1 Re8 11. Qc2 Qc7 12. a4 Bd6 13. b4 a5 14. b5 cxb5 15.
Bxb5 Rac8 16. Rec1 Re7 17. Bg5 h6 18. Bh4 Bf4 19. Bg3 Bxg3 20. hxg3 g6 21. Qb3
Be6 22. c4 Qb8 23. Qa3 Ree8 24. Ne5 Red8 25. Nxd7 Nxd7 26. c5 Nf6 27. Nf3 Kg7
28. Rab1 Qc7 29. Ne5 Ne4 30. Qe3 h5 31. Bd3 Bf5 32. Rb6 f6 33. Bxe4 Bxe4 34. Nc4
Ra8 35. Nd6 Rab8 36. Re1 Qd7 37. f3 Bc2 38. Qe7+ Qxe7 39. Rxe7+ Kg8 40. Nxb7 1-0

[Event "80th ch-St Petersburg SF w"]
[Site "St Petersburg RUS"]
[Date "2012.01.28"]
[Round "1.1"]
[White "Katyshkina,A"]
[Black "Shakirova,Renata"]
[Result "1-0"]
[WhiteElo "1983"]
[BlackElo "1651"]
[WhiteFideId "4169891"]
[BlackFideId "24172049"]
[EventDate "2012.01.28"]

1. e4 c5 2. Nf3 d6 3. d4 cxd4 4. Nxd4 Nf6 5. Nc3 g6 6. Be3 Bg7 7. Be2 O-O 8. Nb3
Nc6 9. f4 Be6 10. O-O Qc7 11. Bf3 Rfd8 12. Nd5 Bxd5 13. exd5 Nb4 14. c3 Na6 15.
Qe2 Nc5 16. Nd4 e5 17. dxe6 fxe6 18. b4 e5 19. Nb5 Qd7 20. bxc5 e4 21. Nxd6 exf3
22. Qc4+ Kf8 23. Rxf3 Qc7 24. Qb5 Rd7 25. f5 gxf5 26. Rxf5 Kg8 27. Qc4+ Kh8 28.
Bf4 Qa5 29. Be5 Rf8 30. Raf1 Qd8 31. Qh4 Qe7 32. Bxf6 Rxf6 33. Rxf6 Qe3+ 34.
R6f2 Qxc5 35. Ne4 Qb6 36. Kh1 Rd8 37. Ng5 1-0